| 000 | 00456nam a2200181Ia 4500 | ||
|---|---|---|---|
| 001 | 5059 | ||
| 005 | 20260306145840.0 | ||
| 008 | 260306t2013||||xx |||||||||||||| ||spa|| | ||
| 041 | _aESP | ||
| 082 |
_a332.678 _bF366 |
||
| 100 |
_aFoppiano Rabinovich, Gino _eAUT |
||
| 245 | 0 | _aFormulación y evaluación de proyectos de inversión | |
| 260 | _c2013 | ||
| 300 |
_a464 páginas : _c27 cm. |
||
| 650 | _aGEN | ||
| 654 | _aCAN | ||
| 942 |
_cLIB _dJUS _fJUS _2ddc _n |
||
| 999 |
_c5059 _d5059 |
||